市の人口ワースト100(2000年) - Statistics

General Stats
  • This quiz has been taken 20 times
  • The average score is 92 of 100
Answer Stats
順位 人口 都道府県 Answer % Correct
1 5,941 北海道 歌志内市
100%
4 14,791 北海道 夕張市
100%
5 15,753 北海道 赤平市
100%
15 19,852 石川県 珠洲市
100%
19 21,072 北海道 砂川市
100%
23 22,010 山形県 尾花沢市
100%
27 23,164 大分県 津久見市
100%
47 25,970 高知県 宿毛市
100%
51 26,317 鹿児島県 枕崎市
100%
52 26,381 石川県 輪島市
100%
56 27,569 高知県 須崎市
100%
96 33,124 山梨県 大月市
100%
3 13,561 北海道 三笠市
94%
6 17,394 新潟県 両津市
94%
10 18,506 大分県 豊後高田市
94%
11 18,512 高知県 土佐清水市
94%
14 19,472 高知県 室戸市
94%
16 20,107 鹿児島県 垂水市
94%
18 21,026 北海道 芦別市
94%
21 21,370 広島県 庄原市
94%
24 22,082 長崎県 松浦市
94%
25 22,746 大分県 杵築市
94%
28 23,235 千葉県 勝浦市
94%
29 23,276 京都府 宮津市
94%
31 23,647 宮崎県 串間市
94%
32 23,683 三重県 尾鷲市
94%
34 23,900 長崎県 平戸市
94%
35 23,949 佐賀県 多久市
94%
36 24,092 山口県 長門市
94%
38 24,576 岡山県 新見市
94%
39 24,662 岐阜県 美濃市
94%
42 24,945 三重県 鳥羽市
94%
43 25,374 岡山県 高梁市
94%
45 25,676 岩手県 陸前高田市
94%
46 25,773 島根県 江津市
94%
53 26,420 長野県 飯山市
94%
54 27,047 鹿児島県 串木野市
94%
55 27,342 熊本県 菊池市
94%
57 27,579 北海道 深川市
94%
58 27,662 長崎県 福江市
94%
61 27,760 北海道 名寄市
94%
62 27,798 静岡県 下田市
94%
64 28,034 和歌山県 御坊市
94%
65 28,143 福井県 勝山市
94%
66 28,187 広島県 因島市
94%
68 28,476 北海道 紋別市
94%
77 30,469 秋田県 男鹿市
94%
78 30,520 島根県 安来市
94%
86 31,935 広島県 竹原市
94%
88 32,003 新潟県 糸魚川市
94%
89 32,153 山口県 新南陽市
94%
95 33,085 新潟県 加茂市
94%
98 33,150 北海道 根室市
94%
99 33,215 佐賀県 鹿島市
94%
100 33,285 愛媛県 八幡浜市
94%
7 17,428 栃木県 日光市
89%
8 17,489 大分県 竹田市
89%
9 18,284 熊本県 牛深市
89%
12 18,638 山口県 美祢市
89%
13 18,866 鹿児島県 西之表市
89%
17 20,898 三重県 熊野市
89%
20 21,321 高知県 安芸市
89%
22 21,992 沖縄県 石川市
89%
30 23,594 鹿児島県 大口市
89%
33 23,747 静岡県 天竜市
89%
40 24,704 新潟県 栃尾市
89%
41 24,906 宮崎県 えびの市
89%
44 25,541 石川県 羽咋市
89%
48 26,112 北海道 富良野市
89%
49 26,126 山梨県 塩山市
89%
50 26,270 鹿児島県 阿久根市
89%
60 27,681 岩手県 遠野市
89%
67 28,325 北海道 留萌市
89%
69 28,547 愛媛県 北条市
89%
71 29,006 島根県 平田市
89%
73 29,586 山形県 村山市
89%
76 30,338 高知県 土佐市
89%
81 31,011 長野県 大町市
89%
82 31,147 熊本県 水俣市
89%
83 31,183 北海道 美唄市
89%
85 31,758 新潟県 村上市
89%
87 31,987 山形県 長井市
89%
90 32,505 山梨県 山梨市
89%
91 32,707 山梨県 韮崎市
89%
92 32,807 千葉県 八日市場市
89%
97 33,133 和歌山県 新宮市
89%
2 11,686 福岡県 山田市
83%
26 23,065 北海道 士別市
83%
37 24,187 鹿児島県 加世田市
83%
59 27,678 岩手県 二戸市
83%
70 28,683 岡山県 備前市
83%
79 30,547 愛媛県 伊予市
83%
80 30,640 鹿児島県 指宿市
83%
84 31,405 広島県 大竹市
83%
94 32,993 愛媛県 東予市
83%
72 29,133 福岡県 豊前市
78%
74 29,981 千葉県 鴨川市
78%
75 30,076 茨城県 笠間市
78%
93 32,944 熊本県 山鹿市
78%
63 27,882 新潟県 新井市
72%
No matching quizzes found
Score Distribution
Percent of People with Each Score
Percentile by Number Answered
Your Score History
You have not taken this quiz